• 首页
  • 本馆介绍
  • 公告通知
  • 最新文献
  • 馆藏检索
  • 电子资源
  • 读者导购
  • 参考咨询
  • 我的图书馆
  • 登录
  • 详细信息显示
  • 放入我的书架
  • 预约/预借图书
  • 作者相关作品
  • 分类相关作品
  • 丛书相关作品
  • 出版社相关作品

书目信息

  • 表格格式
  • 工作单格式
  • 卡片格式
题名:
数据结构常见题型解析及模拟题
    
 
作者: 朱儒荣 , 朱辉 编
分册:  
出版信息: 西安   西北工业大学出版社  2000.10
页数: 186页
开本: 26cm
丛书名: 通向研究生之路系列丛书
单 册:
中图分类: TP311.12-44
科图分类:
主题词: 程序设计--数据结构--习题
电子资源:
ISBN: 7-5612-1204-6
000 00727nam2 2200229 45
001 0112300914
005 20041209154543.0
010    @a7-5612-1204-6@dCNY16.00
100    @a20011230d2000 km y0chiy0120 ea
101 0  @achi
105    @a z 000yy
200 1  @a数据结构常见题型解析及模拟题@AShu Ju Jie Gou Chang Jian Ti Xing Jie XiJi Mo Ni Ti@f朱儒荣,朱辉编@FZhu Ru Rong,Zhu Hui Bian
210    @a西安@c西北工业大学出版社@d2000.10@h2001.2重印
215    @a186页@d26cm
225    @a通向研究生之路系列丛书
410    @12001 @a通向研究生之路系列丛书
606 0  @a程序设计@x数据结构@x习题
690    @aTP311.12-44@v4
701  0 @a朱儒荣@4编
701  0 @a朱辉@4编
801    @aCN@bTSTC@c20011230
905    @dTP311.12-44@e603
    
    数据结构常见题型解析及模拟题/朱儒荣,朱辉编.-西安:西北工业大学出版社,2000.10(2001.2重印)
    186页;26cm.-(通向研究生之路系列丛书)
    
    
    ISBN 7-5612-1204-6:CNY16.00
    
●
相关链接 在E读中查询图书 在五车中查询图书 在当当中查询图书 在豆瓣中查询图书


正题名:数据结构常见题型解析及模拟题     索取号:TP311.12-44/603         预约/预借

序号 登录号 条形码 馆藏地/架位号 状态 备注
1 0303178   203031780   密集书库/ [索取号:TP311.12-44/603] 在馆    
2 0303179   203031799   第三借阅区/ [索取号:TP311.12-44/603] 在馆    
3 0303180   203031806   第三借阅区/ [索取号:TP311.12-44/603] 在馆    
4 0303181   203031815   密集书库/ [索取号:TP311.12-44/603] 在馆    
5 0303182   203031824   密集书库/ [索取号:TP311.12-44/603] 在馆    
6 0303183   203031833   第三借阅区/ [索取号:TP311.12-44/603] 在馆    
7 0303184   203031842   第三借阅区/ [索取号:TP311.12-44/603] 在馆    
8 0303185   203031851   第三借阅区/ [索取号:TP311.12-44/603] 在馆    
9 0303186   203031860   密集书库/ [索取号:TP311.12-44/603] 在馆    
10 0303187   203031879   第二样本阅览室/ [索取号:TP311.12-44/603] 在馆    
唐山师范学院图书馆 欢迎您!
大连网信软件有限公司© 版权所有